European Capital Border Blitz Quiz Stats

 Plays Quiz Updated Feb 13, 2019

Support Sporcle.
Go Orange.
Score 0/47 Timer 01:00
13 Plays Today
Capital (Country) % Correct
Paris (France)
99%
Berlin (Germany)
98.5%
Bern (Switzerland)
98.4%
Rome (Italy)
96.4%
Brussels (Belgium)
96.1%
Vienna (Austria)
95.7%
Madrid (Spain)
95.2%
Warsaw (Poland)
95%
Luxembourg (Luxembourg)
95%
Moscow (Russia)
93.7%
Andorra la Vella (Andorra)
93.1%
Kyiv (Ukraine)
90.3%
Oslo (Norway)
89.6%
Helsinki (Finland)
89.6%
Prague (Czechia)
89.2%
Minsk (Belarus)
88.3%
Vilnius (Lithuania)
85.6%
London (UK)
85.2%
Dublin (Ireland)
85.2%
Riga (Latvia)
82.3%
Budapest (Hungary)
81.7%
Bratislava (Slovakia)
81.7%
Sofia (Bulgaria)
81.3%
Amsterdam (Netherlands)
80.7%
Capital (Country) % Correct
Ljubljana (Slovenia)
80.6%
Monaco (Monaco)
79.5%
Lisbon (Portugal)
79.4%
Tallinn (Estonia)
78.9%
Copenhagen (Denmark)
77.7%
Skopje (North Macedonia)
77.6%
Belgrade (Serbia)
77.4%
Stockholm (Sweden)
77.1%
Athens (Greece)
76.8%
Vatican City (Vatican)
75.3%
Bucharest (Romania)
74.8%
San Marino (San Marino)
74.2%
Ankara (Turkey)
73.5%
Tirana (Albania)
68.4%
Zagreb (Croatia)
67.5%
Podgorica (Montenegro)
61.8%
Vaduz (Liechtenstein)
60.4%
Sarajevo (Bosnia-Herz)
55.6%
Chisinau (Moldova)
51.6%
Pristina (Kosovo)
50.4%
Reykjavik (Iceland)
38.1%
Nicosia (Cyprus)
33.2%
Valletta (Malta)
32.1%

You're not logged in!

Compare scores with friends on all Sporcle quizzes.
OR
Log In
Forgot?

From the Vault

Sort the Teams by Location: Texas

by lolshortee

Sports 60s
Texas is a really big state, so sorting by location might be harder than you think.
Remove Ads.
Support Sporcle.
Get the best of Sporcle when you Go Orange. This ad-free experience offers more features, more stats, and more fun while also helping to support Sporcle. Thank you for becoming a member.

Show Comments

Extras

Top Quizzes Today


Score Distribution

Your Account Isn't Verified!

In order to create a playlist on Sporcle, you need to verify the email address you used during registration. Go to your Sporcle Settings to finish the process.

Report this User

Report this user for behavior that violates our Community Guidelines.

Details: